banner-ar

تحليل وتصميم القطاعات الخرسانية المسلحة بطريقة الاجهادات القصوى / (Record no. 51714)

MARC details
000 -الفاتح
حقل البيانات ثابتة الطول 00707nam a2200205Ia 4500
008 - عناصر البيانات ثابتة الطول - معلومات عامة
حقل البيانات ثابتة الطول 140319s9999 xx 000 0 ara d
040 ## - مصدر الفهرسة
وكالة الفهرسة الأصلية GCL /
وكالة النسخ GCL
082 04 - رقم تصنيف ديوى العشرى
رقم التصنيف 693.5
رقم المادة ى ت
100 1# - المدخل الرئيسى - إسم شخصى
الإسم الشخصى يوسف عجاج
245 10 - بيان العنوان
العنوان تحليل وتصميم القطاعات الخرسانية المسلحة بطريقة الاجهادات القصوى /
بيان المسئوليه,etc يوسف عجاج
300 ## - الوصف المادى
التعداد 266 ص
490 ## - بيان السلسلة
عنوان السلسلة سلسلة مذكرات الخرسانة المسلحة
رقم المجلد/ التعيين التسلسلي 0
650 04 - المدخل الاضافى بالموضوع-مصطلح موضوعى
مصطلح موضوعي الهندسة الالكترونية
650 04 - المدخل الاضافى بالموضوع-مصطلح موضوعى
مصطلح موضوعي الخرسانة المسلحة
650 04 - المدخل الاضافى بالموضوع-مصطلح موضوعى
مصطلح موضوعي البناء
650 04 - المدخل الاضافى بالموضوع-مصطلح موضوعى
مصطلح موضوعي العمارة
650 04 - المدخل الاضافى بالموضوع-مصطلح موضوعى
مصطلح موضوعي الهندسة الانشائية
942 ## - عناصر المدخل الإضافي( كوها)
مصدر التصنيف او مخطط الترفيف Dewey Decimal Classification
Koha [default] item type كتاب
Holdings
حالة التراجع حالة الفقد حالة تلف ليس للاعارة المكان المؤقت الموقع الحالى تاريخ الاكتساب اجمالي اﻻعارات رقم الطلب الباركود تاريخ اخر مشاهدة تاريخ تفعيل السعر نوع وعاء كوها
        مكتبة القاهرة الكبرى مكتبة القاهرة الكبرى 03/26/2014   693.5\ى ت 123747 03/26/2014 03/26/2014 كتاب
        مكتبة القاهرة الكبرى مكتبة القاهرة الكبرى 03/26/2014   693.5\ى ت 123748 03/26/2014 03/26/2014 كتاب
        مكتبة القاهرة الكبرى مكتبة القاهرة الكبرى 03/26/2014   693.5\ى ت 123749 03/26/2014 03/26/2014 كتاب

Powered By

EGPV